00309nam a2200109Ia 4500008004100000041000800041082001600049100001600065245004500081260004100126300003200167240624s9999 xx 000 0 und d aeng a330.954 JAL aJALAN BIMAL aINDIA S ECONOMY IN THE NEW MILLENNIUM SE c2002aNew DelhibUBS Publishers Ltd. axxxi, : 239 : p. : cm. ; 18